000 00379nam a2200157Ia 4500
008 240729s9999 xx 000 0 und d
022 _a2661-801X
245 0 _aBMC Chemistry
260 _aUnited Kingdom
260 _bBMC
650 _a Chemistry
650 _aScience
856 _uhttps://doaj.org/toc/6c3e7832b36140b2947b11e911b024dd
942 _2ddc
942 _cDOAJEJ
999 _c73972
_d73972
945 _a1
_bMadushi Gamage
_c1
_dMadushi Gamage